LEADER 01424nam 2200349 n 450 001 996395230603316 005 20221107142526.0 035 $a(CKB)3810000000013745 035 $a(EEBO)2240909591 035 $a(UnM)9959181300971 035 $a(EXLCZ)993810000000013745 100 $a19910508d1582 uy 101 0 $aeng 135 $aurbn||||a|bb| 200 14$aThe Revelation of S. Ihon reueled, or, A paraphrase opening by conference of time and place such things as are both necessary, and profitable for the tyme present$b[electronic resource] /$fwriten in Latine by Iames Brocard, and Englished by Iames Sanford Gent 210 $aImprinted at London $cin Fleetestreate neare vnto S. Dunstones Church by Thomas Marshe$d1582 215 $a[1+] p 300 $aContains cropped ornamental border McK. 154. 300 $aA fragment; title page only. 300 $aReproduction of original in the British Library. 330 $aeebo-0018 608 $aTitle pages$zEngland$y16th cent. 700 $aBrocardo$b Iacopo$0973613 702 $aSandford$b James 801 0$bCu-RivES 801 1$bCu-RivES 801 2$bCStRLIN 801 2$bCu-RivES 906 $aBOOK 912 $a996395230603316 996 $aThe Revelation of S. Ihon reueled, or, A paraphrase opening by conference of time and place such things as are both necessary, and profitable for the tyme present$92332368 997 $aUNISA LEADER 01068nam a2200253 i 4500 001 991002057139707536 005 20020508185735.0 008 990408s1972 it ||| | ita 035 $ab10952822-39ule_inst 035 $aPARLA153727$9ExL 040 $aDip.to Scienze Storiche Fil. e Geogr.$bita 082 0 $a274.5 100 1 $aD'Addario, Arnaldo$0177708 245 10$aAspetti della Controriforma a Firenze /$cArnaldo D'Addario 260 $aRoma :$b[Ministero dell'interno. Pubblicazioni degli archivi di stato],$c1972 300 $axii, 669 p. :$btav. ;$c25 cm. 650 4$aFirenze$xStoria religiosa$ySec. 16. 907 $a.b10952822$b21-09-06$c28-06-02 912 $a991002057139707536 945 $aLE009 Stor. 53-44 bis$g2$i2009000011786$lle009$o-$pE0.00$q-$rl$s- $t0$u0$v0$w0$x0$y.i11060608$z28-06-02 945 $aLE009 Stor. 53-44$g1$i2009000012042$lle009$o-$pE0.00$q-$rl$s- $t0$u1$v0$w1$x0$y.i1106061x$z28-06-02 996 $aAspetti della Controriforma a Firenze$9863223 997 $aUNISALENTO 998 $ale009$b01-01-99$cm$da $e-$fita$git $h0$i2